000 00508cam a2200181ua 4500
041 _aeng
_h
082 _a028.7263135
_bSAX/PR
100 _aSaxena, A C .
245 0 0 _aProduction development and manufacturing technology for P H T Machines /
_cA C Saxena.
_hTextual Documents
250 _a1 /
_b.
260 _aBhopal :
_bCentre Institute of Agricultural Engineering.
300 _a491 ; .
504 _a
700 1 _aDas, P K .
700 1 _aSaraswat, D .
942 _cBK
999 _c5464
_d5464